Baseball's exploitation of latin talent /
Sábháilte in:
| Príomhchruthaitheoir: | |
|---|---|
| Rannpháirtithe: | |
| Formáid: | Téacs |
| Ábhair: | |
| Clibeanna: |
Cuir clib leis
Níl clibeanna ann, Bí ar an gcéad duine le clib a chur leis an taifead seo!
|
MARC
| LEADER | 00000 a a2200000 04500 | ||
|---|---|---|---|
| 001 | 10001 | ||
| 003 | |||
| 040 | |||
| 100 | |a Marcano, Arturo J. | ||
| 245 | |a Baseball's exploitation of latin talent / |c Arturo J. Marcano ; David P. Fidler | ||
| 650 | |a DEPORTES | ||
| 650 | |a CONDICIONES DE VIDA | ||
| 650 | |a CALIDAD DE LA VIDA | ||
| 650 | |2 Macrothesaurus de la OCDE | ||
| 650 | |a CONDICIONES DE TRABAJO | ||
| 700 | |a Fidler, David P. | ||
| 773 | |g volumen 37, número 5; páginas 14-18 | ||
| 999 | |c 38335 |d 38335 | ||
